000
00299nam a22001337a 4500
008
170810b xxu||||| |||| 00| 0 eng d
020
_a
9780470225103
041
_a
eng
080
_a
004
100
_a
35
101
_a
SHK
245
_a
WINDOWS SERVER 2008 ADMINISTRATOR
_c
KANE,J
942
_2
udc
_c
BK
999
_c
23201
_d
23201